Essential cases on natural causation (Registro nro. 304399)

Detalles MARC
000 -ENCABEZADO
Número de control [NR] 01076nam a2200277 a 4500
001 - NÚMERO DE CONTROL
control field 14957361
005 - FECHA Y HORA DE LA ÚLTIMA TRANSACCIÓN
control field 20161007114919.0
008 - DE LONGITUD FIJA DE DATOS DE ELEMENTOS - INFORMACIÓN GENERAL
Elementos de longitud fija [NR] 070808s2007 xxu frw 001 0 eng
020 ## - NUMERO INTERNACIONAL NORMALIZADO PARA LIBROS [R]
Número Internacional Normalizado del libro [NR] 9783211369579
020 ## - NUMERO INTERNACIONAL NORMALIZADO PARA LIBROS [R]
Número Internacional Normalizado del libro [NR] 3211369570
040 ## - FUENTE DE CATALOGACION [NR]
Agencia de catalogación original [NR] Co-BoUCM
Idioma de catalogación [NR] spa
Quien Cataloga Edgar Pinilla
Quien Clasifica Edgar Pinilla
041 0# - CODIGO DE IDIOMA [R]
Código de idioma para texto/pista de sonido o título separado [R] Inglés
245 00 - MENCION DE TITULO [NR]
Título [NR] Essential cases on natural causation
Mención de responsabilidad, etc. [NR] Bénédict Winiger...[y otros], (eds.) ; contributors, Håkan Andersson...[y otros]
260 ## - PUBLICACION, DISTRIBUCION, ETC. (PIE DE IMPRENTA) [R]
Lugar de publicación, distribución, etc. [R] New York (Estados Unidos)
Nombre del editor, distribuidor, etc. [R] SpringerWienNewYork
Fecha de publicación, distribución, etc. [R] 2007
300 ## - DESCRIPCION FISICA [R]
Extensión [R] xxi, 632 páginas
490 0# - MENCION DE SERIE [R]
Mención de serie [R] Digest of European tort law ;
Designación numérica/secuencial del volumen [NR] v. 1
504 ## - NOTA DE BIBLIOGRAFIA, ETC. [R]
Nota de bibliografía, etc. [NR] Incluye referencias bibliográficas e índices
650 04 - ASIENTO SECUNDARIO DE MATERIA - TERMINO TEMATICO [R]
Término temático o nombre geográfico como elemento de entrada [NR] Procedimiento penal (Derecho internacional)
9 (RLIN) 22341
650 04 - ASIENTO SECUNDARIO DE MATERIA - TERMINO TEMATICO [R]
Término temático o nombre geográfico como elemento de entrada [NR] Daños y perjuicios
Subdivisión geográfica [R] Europa
9 (RLIN) 80676
650 04 - ASIENTO SECUNDARIO DE MATERIA - TERMINO TEMATICO [R]
Término temático o nombre geográfico como elemento de entrada [NR] Responsabilidad penal (Derecho internacional)
9 (RLIN) 23685
690 #0 - ASUNTO AGREGADO LOCAL DE ENTRADA - TÉRMINO TEMÁTICO (OCLC, RLIN)
Acceso temático local Derecho internacional
9 (RLIN) 12776
700 1# - ASIENTO SECUNDARIO - NOMBRE PERSONAL [R]
Nombre personal [NR] Winiger, Bénédict
9 (RLIN) 80968
700 1# - ASIENTO SECUNDARIO - NOMBRE PERSONAL [R]
Nombre personal [NR] Andersson, Håkan
Fechas asociadas con el nombre [NR] 1959-
9 (RLIN) 80969
942 ## - ELEMENTOS DE ENTRADA AGREGADOS (KOHA)
Sistema de clasificación DEWEY
Tipo de ítem principal el descrito en 300a Libro
Tema principal Derecho
Edición 1
Clasificación 341.49
Parte restante de la signatura top. E785
Existencias
Signatura topográfica Código de barras Última vez visto Ejemplar Costo de reposición Price effective from Tipo de ítem Perdido Sistema de clasificación Dañado No prestable Tipo de ítem específico Suprimido Ubicación habitual Ubicación actual Localización Fecha de creación Proveedor Forma de adquisición Costo
341.49 E785 100151029 08/06/2024 Ej.1 349999.00 03/10/2016 Libro   DEWEY     Libro   Bodega Bodega 3er piso 03/10/2016 19 Compra 349999.00